00884nam a22002297a 450000500170000001000150001702000260003203500140005803700090007208200110008110000230009224501270011525000060024226000440024827000730029230000240036570000370038970000370042694200220046399900190048595201500050420250715115919.0 aENG-145984 a9788197806711c450.00 aEN-129516 bDBAD a51021 aA. Ram Babu982981 aContent-Cum-Pedagogy of Mathematics Education at Secondary Stage/cA. Ram Babu; B. Deevana Pauleen [and] Sathyanarayana G. a1 aNew DelhibNeelkamal Publicationsc2024 a4764/1, 23, Ansari Road, Daryaganj,bNew Delhie110002k011-23244237 axv, 400p.c24cm(pb) aPauleen, Deevana eAuthor982977 aSathyanarayana G.eAuthor982982 2ddccENh510mRAM c212368d212368 001040708NFICaLbLd2025-07-15eDelivery of Books Act Divisiong450.00l0o510 RAMpEN-129516r2025-07-15 00:00:00t1v450.00w2025-07-15yEN